Analisa kos bagi pembinaan bangunan (Keluaran Pertama Jan - Jun 1985)

Bibliographic Details
Format: Book
Subjects:

MARC

LEADER 00000cam a2200000 7i4500
001 0000005162
005 20000508.0
040 |a INS 
090 0 0 |a B 3 
245 0 0 |a Analisa kos bagi pembinaan bangunan (Keluaran Pertama Jan - Jun 1985) 
650 0 0 |a Building 
650 0 0 |a Building   |x Estimates 
999 |a B000000008   |b BOOK   |c Course Notes   |e Default branch